Integrácia si vyžaduje dospieť nielen legislatívne, ale hlavne hospodársky

Vonkajšia nerovnováha ako spoločný problém všetkých transformujúcich sa štátov. Rastúci dlh štátu ohrozuje menovú stabilitu. Zavedenie systému štátnej pokladnice. Nutnosť zvýšenia konkurencieschopnosti bánk.

Guardado en:
Detalles Bibliográficos
Autor principal: Kovalčík, Ján
Formato: Libro
Lenguaje:eslovaco
Materias:
Etiquetas: Agregar Etiqueta
Sin Etiquetas, Sea el primero en etiquetar este registro!

MARC

LEADER 00000nam a2200000 4500
001 r030996
005 20230921082009.9
041 0 |a slo 
044 |a SK 
245 1 0 |a Integrácia si vyžaduje dospieť nielen legislatívne, ale hlavne hospodársky  |c Ján Kovalčík 
520 |a Vonkajšia nerovnováha ako spoločný problém všetkých transformujúcich sa štátov. Rastúci dlh štátu ohrozuje menovú stabilitu. Zavedenie systému štátnej pokladnice. Nutnosť zvýšenia konkurencieschopnosti bánk. 
610 2 0 |a integrácia ekonomická 
610 2 0 |a banky 
610 2 0 |a opatrenia 
610 2 0 |a legislatíva 
610 2 0 |a bilancia platobná 
610 2 0 |a dlhopisy 
610 2 0 |a dlhy 
610 2 0 |a dlhy štátne 
610 2 0 |a politika menová 
610 2 0 |a Slovensko 
100 1 |a Kovalčík, Ján